Laboratory Manual for Analysis of Milk and Milk Products / (Record no. 35912)

MARC details
000 -LEADER
fixed length control field 00482nam a22001697a 4500
005 - DATE AND TIME OF LATEST TRANSACTION
control field 20240613090256.0
008 - FIXED-LENGTH DATA ELEMENTS--GENERAL INFORMATION
fixed length control field 240613b |||||||| |||| 00| 0 eng d
020 ## - INTERNATIONAL STANDARD BOOK NUMBER
ISBN 9789694171739
082 ## - DEWEY DECIMAL CLASSIFICATION NUMBER
Classification number 637.127
Item number TAR-L
100 ## - MAIN ENTRY--AUTHOR
Author Name Tariq Masud
245 ## - TITLE STATEMENT
Title Laboratory Manual for Analysis of Milk and Milk Products /
Statement of responsibility, etc. Tariq Masud
260 ## - PUBLICATION, DISTRIBUTION, ETC.
Place of Publication Pakistan;
Name of publisher, distributor, etc. HEC;
Date of publication, distribution, etc. 2012.
300 ## - PHYSICAL DESCRIPTION
Pages xiv,163p.
500 ## - GENERAL NOTE
General note include index
650 ## - SUBJECT ADDED ENTRY--TOPICAL TERM
Subject / Department Medical / Laboratory
300 ## - PHYSICAL DESCRIPTION
-- ill;
-- 24 cm.
952 ## - LOCATION AND ITEM INFORMATION (KOHA)
-- 0
-- 0
952 ## - LOCATION AND ITEM INFORMATION (KOHA)
-- 0
-- 0
952 ## - LOCATION AND ITEM INFORMATION (KOHA)
-- 0
-- 0
952 ## - LOCATION AND ITEM INFORMATION (KOHA)
-- 0
-- 0
952 ## - LOCATION AND ITEM INFORMATION (KOHA)
-- 0
-- 0
Holdings
Lost status Damaged status Collection code Permanent Location Current Location Shelving Location Date acquired Full Call Number Accession No./Barcode Date last seen Copy number item type Koha item type
    Medical Superior Information Resource Center (SIRC) Superior University- Main Campus Superior Information Resource Center (SIRC) Superior University- Main Campus Laboratory 06/13/2024 637.127 TAR-L 2012 7514 06/13/2024 1 BOOK BOOK
    Medical Superior Information Resource Center (SIRC) Superior University- Main Campus Superior Information Resource Center (SIRC) Superior University- Main Campus Laboratory 06/13/2024 637.127 TAR-L 2012 7515 06/13/2024 2 BOOK BOOK
    Medical Superior Information Resource Center (SIRC) Superior University- Main Campus Superior Information Resource Center (SIRC) Superior University- Main Campus Laboratory 06/13/2024 637.127 TAR-L 2012 7516 06/13/2024 3 BOOK BOOK
    Medical Superior Information Resource Center (SIRC) Superior University- Main Campus Superior Information Resource Center (SIRC) Superior University- Main Campus Laboratory 06/13/2024 637.127 TAR-L 2012 7517 06/13/2024 4 BOOK BOOK
    Medical Superior Information Resource Center (SIRC) Superior University- Main Campus Superior Information Resource Center (SIRC) Superior University- Main Campus Laboratory 06/13/2024 637.127 TAR-L 2012 7518 06/13/2024 5 BOOK BOOK

Powered by Koha